Readings in Malay adat laws

Bibliographic Details
Other Authors: I. Hooker, M.B
Format: Book
Published: Singapore : Singapore University Press , 1970
Subjects:

MARC

LEADER 00000cam a2200000 7i4500
001 0000002999
005 20050630.0
040 |a INS 
090 0 0 |a DS594.M3.   |b R33 1970 
245 1 0 |a Readings in Malay adat laws   |c ed. by M.B.Hooker 
260 |a Singapore :   |b Singapore University Press ,   |c 1970 
300 |a xxiip :   |b 478p ;   |c 22cm. 
650 0 0 |a Adat law   |z Malay 
700 1 |a I. Hooker, M.B. 
999 |a 0000000889   |b BOOK   |c Open Shelf   |e Default branch